Nouveau précis de pathologie chirurgicale. (Record no. 197068)

MARC details
000 -LEADER
campo de control de longitud fija 01300nam a2200289 i 4500
001 - NÚMERO DE CONTROL
campo de control 197068
003 - IDENTIFICADOR DE NÚMERO DE CONTROL
campo de control ES-MaACL
005 - FECHA Y HORA DE LA ÚLTIMA TRANSACCIÓN
campo de control 20250331181152.0
007 - CAMPO FIJO DE DESCRIPCIÓN FÍSICA--INFORMACIÓN GENERAL
campo de control de longitud fija t
008 - DATOS DE LONGITUD FIJA--INFORMACIÓN GENERAL
campo de control de longitud fija 250328s1949 fr 000 0 fre d
035 ## - NÚMERO DE CONTROL DEL SISTEMA
Número de control de sistema Rebiun35858610
040 ## - FUENTE DE CATALOGACIÓN
Centro catalogador/agencia de origen BUSC
Lengua de catalogación glg
Centro/agencia modificador ARCHIDOC
Centro/agencia transcriptor ES-MaACL
245 00 - MENCIÓN DEL TÍTULO
Título Nouveau précis de pathologie chirurgicale.
Número de parte o sección de la obra Tome I,
Resto del título Pathologie générale, pathologie tissulaire générale, affections des membres et des ceintures /
Mención de responsabilidad, etc. J. Patel, secrétaire de rédaction
246 ## - FORMA VARIANTE DEL TITULO
Título propio/Titulo breve Pathologie générale, pathologie tissulaire générale, affections des membres et des ceintures
260 ## - PUBLICACIÓN, DISTRIBUCIÓN, ETC.
Lugar de publicación, distribución, etc. Paris :
Nombre del editor, distribuidor, etc. Masson,
Fecha de publicación, distribución, etc. 1949.
300 ## - DESCRIPCIÓN FÍSICA
Extensión 687 p. ;
Dimensiones 22 cm
336 ## - TIPO DE CONTENIDO
Término de tipo de contenido Texto
Código de tipo de contenido txt
Fuente rdacontent
337 ## - TIPO DE MEDIO
Nombre/término del tipo de medio sen mediación
Código del tipo de medio n
Fuente rdamedia
338 ## - TIPO DE SOPORTE
Nombre/término del tipo de soporte volume
Código del tipo de soporte nc
Fuente rdacarrier
650 17 - PUNTO DE ACCESO ADICIONAL DE MATERIA--TÉRMINO DE MATERIA
Término de materia o nombre geográfico como elemento de entrada Patología quirúrgica
9 (RLIN) 136666
700 ## - ENTRADA AGREGADA--NOMBRE PERSONAL
Nombre de persona Patel, Jean-Claude
9 (RLIN) 239916
852 ## - LOCALIZACIÓN
Ubicación ES-MaACL
Sublocalización o colección R.30159
-- R.M.5895
Ubicación en estantería Sala Valle Inclán
Número de control de estantería D-6300
Marcas de propiedad Sello en tinta azul de la Biblioteca del Ateneo de Madrid.
itemnumber 204911
Encuadernación Encuadernación en tela verde.
942 ## - ELEMENTOS DE ENTRADA SECUNDARIOS (KOHA)
Suprimir en OPAC No
Tipo de ítem Koha Libro impreso
Holdings
Estatus retirado Estado de pérdida Fuente del sistema de clasificación o colocación Estado de daño No para préstamo Biblioteca de origen Biblioteca actual Ubicación en estantería Fecha de adquisición Total de préstamos Signatura topográfica completa Código de barras Visto por última vez Precio de reemplazo Tipo de ítem Koha
    Clasificación decimal universal     Biblioteca del Ateneo de Madrid Biblioteca del Ateneo de Madrid Sala Valle Inclán 28/03/2025   D-6300 101229760 28/03/2025 28/03/2025 Libro impreso